| 000 | nam a22 7a 4500 | ||
|---|---|---|---|
| 999 |
_c28940 _d28940 |
||
| 008 | 170727b xxu||||| |||| 00| 0 eng d | ||
| 020 | _a9966497013 | ||
| 050 | _aPL 8704 .K5573 2015 | ||
| 100 | _aStevenson, Robert Louis | ||
| 245 | _aKisiwa chenye hazina / | ||
| 260 |
_aNairobi : _bLonghorn Publishers, _c2015. |
||
| 300 |
_a92p. : _bill. ; _c18 cm. |
||
| 942 |
_2lcc _cAFRICANA _hPL 8704 .K5573 2015 _03 |
||